[Event "RC-2011-0-00073"]
[Site "LSS email"]
[Date "2011.06.16"]
[Round "?"]
[White "Dehaybe, Andre"]
[Black "Wilk, Zdzislaw"]
[Result "1-0"]
[WhiteElo "2054"]
[BlackElo "1650"]
[PlyCount "93"]
[EventDate "2011.04.30"]
[EventType "tourn (corr)"]
[EventRounds "6"]
[EventCountry "GER"]
[SourceTitle "Telechess CBM 149"]
[Source "ChessBase"]
[SourceDate "2012.07.17"]
[SourceVersion "1"]
[SourceVersionDate "2012.07.17"]
[SourceQuality "1"]

1. e4 e5 2. Nf3 Nc6 3. Bb5 a6 4. Ba4 Nf6 5. 0-0 Be7 6. Nc3 b5 7. Bb3 0-0 8. d3 d6 9. h3 Bb7 10. a4 b4 11. Nd5 Na5 12. Nxe7+ Qxe7 13. Ba2 c5 14. Nh4 Qd8 15. Nf5 b3 16. cxb3 Nc6 17. f4 Bc8 18. fxe5 dxe5 19. Nh6+ Kh8 20. Bg5 Nb4 21. Bxf6 gxf6 22. Qh5 Be6 23. Qh4 f5 24. Qxd8 Raxd8 25. exf5 Bd5 26. Bb1 Kg7 27. Ng4 f6 28. Rc1 Rc8 29. Rc3 h5 30. Ne3 Bf7 31. Bc2 Rfd8 32. g3 Rd4 33. Kf2 Rdd8 34. Ke1 Rc7 35. Kf1 Bg8 36. Bd1 Rxd3 37. Bxh5 Rd2 38. Rac1 Rxb2 39. Bd1 Kh8 40. Rxc5 Rh7 41. h4 Rg7 42. g4 Nd3 43. R1c2 Rb1 44. Rc8 Nb2 45. Rxb2 Rxb2 46. g5 fxg5 47. f6 1-0